Principios de patología vegetal /

Guardado en:
Autor Principal: Stakman, E C
Formato: Libro
Publicado: Buenos Aires : Eudeba, 1963
Materias:
Etiquetas: Agregar Etiqueta
Sin Etiquetas, Sea el primero en etiquetar este registro!
LEADER 00559nam a22001935a 4500
001 CEM.cems016159
005 20100316170045.0
008 130507s1963##################000#0#####d
003 CEMS
082 0 4 |a 632 
100 1 |a Stakman, E C 
245 1 0 |a Principios de patología vegetal /  |c E C Stakman, J George Harrar 
260 |a Buenos Aires :  |b Eudeba,  |c 1963 
300 |a 603 p. 
653 |a Agricultura 
653 |a Cultivos-enfermedades 
653 |a Patología vegetal 
653 |a Plagas agrícolas 
859 |a CEMS  |b BIB. CEMS - Agricultura  |h 632  |i St15  |p A4996.76  |t Ej.1